00356nam a2200109Ia 4500008004100000082000800041100001500049245006400064942000600128952009700134999001500231240331s9999 xx 000 0 und d bKAS aKasarinlan 0aKasarinlan :ba Philippine quarterly of third world studies cL 001040708LaWERCLbWERCLcSSCd2024-03-31l0o 305.5 KASp4670r2024-03-31w2024-03-31yL c5593d5593